Sur le travail mécanique consommé dans l'électrolysation de quelques sulfures et sels métalliques / (Record no. 158677)
[ view plain ]
| 000 -LEADER | |
|---|---|
| campo de control de longitud fija | 00773nam a22002055i 4500 |
| 001 - NÚMERO DE CONTROL | |
| campo de control | 158677 |
| 003 - IDENTIFICADOR DE NÚMERO DE CONTROL | |
| campo de control | ES-MaACL |
| 005 - FECHA Y HORA DE LA ÚLTIMA TRANSACCIÓN | |
| campo de control | 20230906211251.0 |
| 008 - DATOS DE LONGITUD FIJA--INFORMACIÓN GENERAL | |
| campo de control de longitud fija | 040920s1883 fr |||| | fre d |
| 040 ## - FUENTE DE CATALOGACIÓN | |
| Centro catalogador/agencia de origen | CAM |
| Lengua de catalogación | spa |
| Centro/agencia transcriptor | CAM |
| 100 1# - ENTRADA PRINCIPAL--NOMBRE DE PERSONA | |
| Nombre de persona | Marchese, Eugenio. |
| 9 (RLIN) | 76424 |
| 245 10 - MENCIÓN DEL TÍTULO | |
| Título | Sur le travail mécanique consommé dans l'électrolysation de quelques sulfures et sels métalliques / |
| Mención de responsabilidad, etc. | par Eugenio Marchese, de Gênes; traduit par V. Bouhy. |
| 260 ## - PUBLICACIÓN, DISTRIBUCIÓN, ETC. | |
| Lugar de publicación, distribución, etc. | Paris ; |
| -- | Liége : |
| Nombre del editor, distribuidor, etc. | Bureaux, |
| Fecha de publicación, distribución, etc. | 1883 ( |
| Lugar de fabricación/manufactura | Liége : |
| Fabricante | Imp. de Ch. Aug. Desoer) |
| 300 ## - DESCRIPCIÓN FÍSICA | |
| Extensión | 28 p. ; |
| Dimensiones | 22 cm. |
| 500 ## - NOTA GENERAL | |
| Nota general | Extrait de la Revue Universelle des Mines, etc. |
| 650 #4 - PUNTO DE ACCESO ADICIONAL DE MATERIA--TÉRMINO DE MATERIA | |
| Término de materia o nombre geográfico como elemento de entrada | Electrólisis. |
| 9 (RLIN) | 222090 |
| 700 0# - ENTRADA AGREGADA--NOMBRE PERSONAL | |
| Nombre de persona | Bouhy, Victor. |
| 9 (RLIN) | 30880 |
| 852 ## - LOCALIZACIÓN | |
| Ubicación | ES-MaACL |
| Número de control de estantería | B-7690(4) |
| Nota libre | -- Enc. tela |
| Estatus retirado | Estado de pérdida | Estado de daño | No para préstamo | Colección | Biblioteca de origen | Biblioteca actual | Ubicación en estantería | Fecha de adquisición | Total de préstamos | Signatura topográfica completa | Código de barras | Visto por última vez | Precio de reemplazo | Tipo de ítem Koha |
|---|---|---|---|---|---|---|---|---|---|---|---|---|---|---|
| Libros del s. XIX | Biblioteca del Ateneo de Madrid | Biblioteca del Ateneo de Madrid | Sala Pardo Bazán | 17/01/2008 | B-7690(4) | 1166085 | 23/02/2023 | 23/02/2023 | Libro impreso antiguo |
